[Event "Dortmund Sparkassen op-B 47th"]
[Site "Dortmund"]
[Date "2019.07.16"]
[Round "4"]
[White "Bensch, Christian"]
[Black "Werthmann, Niklas"]
[Result "0-1"]
[WhiteElo "1331"]
[BlackElo "1675"]
[PlyCount "76"]
[EventDate "2019.07.13"]
[EventType "swiss"]
[EventRounds "9"]
[EventCountry "GER"]
[SourceTitle "CBM 192 Extra"]
[Source "Chessbase"]
[SourceDate "2019.11.06"]
[SourceVersion "1"]
[SourceVersionDate "2019.11.06"]
[SourceQuality "1"]

1. e4 c5 2. c3 Nf6 3. e5 Nd5 4. d4 cxd4 5. cxd4 b6 6. Nf3 e6 7. a3 Bb7 8. Be2 d6 9. 0-0 Nd7 10. Nbd2 Be7 11. Nc4 dxe5 12. dxe5 0-0 13. Bd2 Nc5 14. Ne3 Rc8 15. Rc1 Qd7 16. b4 Ne4 17. Nxd5 Bxd5 18. Bf4 Nc3 19. Qd2 Nxe2+ 20. Qxe2 Qa4 21. Qe3 Rfd8 22. Rxc8 Rxc8 23. Rc1 Rxc1+ 24. Qxc1 h6 25. Nd2 a5 26. Qc7 Qd1+ 27. Nf1 Bf8 28. Qc1 Qxc1 29. Bxc1 axb4 30. axb4 Bxb4 31. Ne3 Bc3 32. Nxd5 exd5 33. f4 Kf8 34. Kf1 Ke7 35. Ke2 b5 36. Kd3 b4 37. Bd2 d4 38. Bc1 b3 0-1